| 000 | 00609nam a22001937a 4500 | ||
|---|---|---|---|
| 005 | 20180712124050.0 | ||
| 010 | _aENG-123454 | ||
| 020 |
_a9789381281345 vol. 15 _c100.00 |
||
| 035 | _aEN-106986 | ||
| 037 | _bDBAD/PUB | ||
| 082 | _a230.51 | ||
| 100 | _aRajagopalachari, Parthasarathi | ||
| 245 |
_a The principles of sahaj marg / _cby Parthasarathi Rajagopalachari |
||
| 250 | _avol.15 | ||
| 260 |
_aKolkata _bThe Ramakrishna Mission Institute of Culture _c2012 |
||
| 270 |
_aGol Park _bKolkata _e700029 |
||
| 300 |
_aviii,148p.: _c21cm(pbk) _bill. |
||
| 942 |
_2ddc _cEN _h230.51 _mRAJ |
||
| 999 |
_c153884 _d153884 |
||